000 00794nam a2200229Ii 4500
003 JO-AjNU
008 230605s9999||||xx |||||||||||||| ||und||
017 _a2004/22336
020 _a977-01-9436-0
040 _aJO-AjNU
_bara
_erda
_cJO-AjNU
041 _aara
050 1 4 _aPJ7842 2004
100 3 _aعواد، سيد,
_eauthor
_952707
245 0 0 _aالقاهرة أميرة الزمان
264 3 1 _aالقاهرة: وزارة الثقافة، 2004
300 _a101ص
336 _atext
_btxt
_2rdacontent
337 _aunmediated
_bn
_2rdamedia
338 _avolume
_bnc
_2rdacarrier
490 0 _aمهرجان القراءة للجميع، 2004/ سلسلة الاعمال الابداعية
650 4 _aالادب العربي - مسرحيات - العصر الحديث
_952708
999 _aA23364
_c26932
_d26932